000 00596nam a2200217 a 4500
001 BRCA_6227
005 20190320205358.0
008 190711s1921----mx-#######---#000-0#spa-#
041 _aspa
044 _amx
050 4 _aKGF2914
_c1921
245 1 0 _aConstitución Política y otras Leyes fundamentales y federales delos Estados Unidos Mexicanos.
250 _a3
260 _aMéxico
_bLibería de la V. de Ch. Bouret
_c1921
300 _a348 p.
_c18 cm.
500 _aIncluye índice de materias
500 _aI67
650 1 4 _aLeyes Mexicanas
_915645
902 _aGFM
942 _2lcc
_cB
999 _c5914
_d5914